A menina do leite (Record no. 194899)

MARC details
000 -LÍDER
campo de controle de tamanho fixo 00282 a2200133 4500
001 - NÚMERO DE CONTROLE
campo de controle 194899
040 ## - FONTE DA CATALOGAÇÃO
Instituição que transcreveu o registro Magnum
100 ## - ENTRADA PRINCIPAL--NOME PESSOAL
Nome pessoal La Fontaine, Jean de
240 10 - TÍTULO UNIFORME
Título uniforme A menina do leite
Idioma da obra por
245 10 - TÍTULO
Título A menina do leite
300 ## - DESCRIÇÃO FÍSICA
Extensão 7
697 ## - ENTRADA DE ASSUNTO LOCAL--ENTIDADE COLETIVA (RLIN)
Nome corporativo ou nome da jurisdição LITERATURA INFANTIL
942 ## - ELEMENTOS DE ENTRADA ADICIONADOS (KOHA)
Tipo de material Koha Livros
Holdings
Situação do descarte Situação das perdas Situação física Não pode ser emprestado Biblioteca de origem Biblioteca atual Data de aquisição Total de empréstimos Número de chamada completo Código de barras Data de último acesso Data do preço efetivo Tipo de material Koha
        Magnum Magnum 08/06/2024   869.0.1331 MAG00075586 08/06/2024 08/06/2024 Livros